Análisis del empuje lateral de tierra por el metodo de tanteo de cunas para el diseño de muros de retención
Salvato in:
| Autore principale: | |
|---|---|
| Natura: | Libro |
| Pubblicazione: |
[San José , Costa Rica]
1984
|
| Soggetti: | |
| Tags: |
Aggiungi Tag
Nessun Tag, puoi essere il primo ad aggiungerne!!
|
MARC
| LEADER | 00000nam a2200000Ia 4500 | ||
|---|---|---|---|
| 003 | 002550 | ||
| 005 | 20221231144406.0 | ||
| 008 | 140114s1984 cr a m 000 ||s d | ||
| 040 | |c cru CEDI | ||
| 090 | |a TFG 1597 | ||
| 100 | |a Malavassi Rojas, Jorge |9 14728 | ||
| 245 | |a Análisis del empuje lateral de tierra por el metodo de tanteo de cunas para el diseño de muros de retención | ||
| 260 | |c 1984 |a [San José , Costa Rica] | ||
| 300 | |a 137 hojas : ilustraciones ; 28 cm | ||
| 500 | |a Proyecto de graduación (ingeniero civil)--Universidad de Costa Rica. Facultad de Ingeniería. Escuela de Ingenieria Civil | ||
| 650 | |x EMPUJE DE TIERRAS |x MUROS DE CONTENCION |9 14729 | ||
| 942 | |c TFG | ||
| 999 | |c 21203 |d 21203 | ||
